| 000 | 00599nam a2200193 4500 | ||
|---|---|---|---|
| 001 | 140265 | ||
| 003 | ES-MaACL | ||
| 005 | 20230906200037.0 | ||
| 007 | t| | ||
| 008 | 070214s1970 sp r ||||1| spa d | ||
| 100 | 1 |
_aSegre, Cesare. _9105163 |
|
| 245 | 1 | 0 |
_aCrítica bajo control / _cCesare Segre ; [traducción de Milagros Arizmendi y María Hernández-Esteban]. |
| 250 | _a1ª ed. | ||
| 260 |
_aBarcelona : _bPlaneta, _c1970. |
||
| 300 |
_a310 p. ; _c22 cm. |
||
| 700 | 1 |
_aArizmendi, Milagros. _922881 |
|
| 700 | 1 |
_aHernández Esteban, María. _962931 |
|
| 852 |
_aES-MaACL _jC-38583 _bR.75917 |
||
| 999 |
_c140265 _d140265 |
||